| 000 | 00645nam a2200193 a 4500 | ||
|---|---|---|---|
| 005 | 20210223120600.0 | ||
| 008 | 991125s1988 mx 000 0 spa u | ||
| 020 | _a968813357 | ||
| 035 | _aUPN01000003640 | ||
| 049 | _aCG | ||
| 050 | 4 |
_aKGC1813 _bM4.3 |
|
| 110 | 1 |
_aMéxico. _bSecretaría del Trabajo y Previsión Social _929232 |
|
| 245 | 1 | 0 |
_aApéndice al manual de acceso a la jurisprudencia laboral 1917-1985 / _cSecretaría del Trabajo y Previsión Social. |
| 260 |
_aMéxico : _bSTPS, _c1988. |
||
| 300 | _a2 v. | ||
| 650 | 4 |
_aJURISPRUDENCIA - _zMEXICO _919838 |
|
| 650 | 4 |
_aTRABAJO - _xLEYES Y LEGISLACION - _zMEXICO _913291 |
|
| 905 | _aLibro | ||
| 999 |
_c3640 _d3640 |
||